Jean Ferrat - Un air de liberté - Statistiques

Statistiques générales
  • Ce quiz a été pris 36 fois
  • Le résultat moyen est 188 sur 234
Statistiques - réponses
% Correct
à
100%
air
100%
ce
100%
de
100%
le
100%
liberté
100%
que
100%
sa
100%
sur
100%
Sur
100%
un
100%
Un
100%
vous
100%
Vous
100%
cette
95%
Chi
95%
d'Ormesson
95%
en
95%
Ho
95%
Les
95%
les
95%
Minh
95%
monsieur
95%
osez
95%
Qu'un
95%
Saigon
95%
ville
95%
Ah
90%
Avant
90%
déclarer
90%
du
90%
et
90%
Et
90%
La
90%
la
90%
90%
Quand
90%
se
90%
son
90%
guerre
86%
Pour
86%
pour
86%
qui
86%
avez
81%
Des
81%
Mais
81%
ont
81%
sang
81%
S'appelle
81%
une
81%
vos
81%
âme
76%
dans
76%
êtes
76%
journal
76%
mains
76%
Oui
76%
peu
76%
sans
76%
allaient
71%
Beaumarchais
71%
cent
71%
encore
71%
étions
71%
faisant
71%
Flottait
71%
Français
71%
grimace
71%
Il
71%
Indochine
71%
longueur
71%
maîtres
71%
mille
71%
nous
71%
Nous
71%
pareils
71%
policiers
71%
Terre
71%
trente
71%
valet
71%
vermine
71%
années
67%
ans
67%
au
67%
canon
67%
C'est
67%
c'est
67%
coloniales
67%
Contre
67%
d'avance
67%
disions
67%
donc
67%
était
67%
Figaro
67%
glace
67%
guerres
67%
indépendance
67%
luttant
67%
malheur
67%
mensonge
67%
mourir
67%
ni
67%
ordures
67%
pas
67%
Patron
67%
perdue
67%
peuple
67%
pouvaient
67%
rues
67%
songez
67%
taper
67%
temps
67%
tombe
67%
vain
67%
Après
62%
arrêtions
62%
continuez
62%
disait
62%
matin
62%
n'aime
62%
paix
62%
rails
62%
résonnaient
62%
tait
62%
terres
62%
trains
62%
vain
62%
Agrippa
57%
Allongés
57%
approuviez
57%
cause
57%
d'Aubigné
57%
déjà
57%
d'hectares
57%
Flottait
57%
génocide
57%
larmes
57%
millions
57%
plaisant
57%
plume
57%
pourriture
57%
regardez-vous
57%
sentait
57%
signait
57%
souffrance
57%
trouvez
57%
tuteurs
57%
Vietnam
57%
Votre
57%
frein
52%
fumet
52%
perpetré
52%
feu
48%
saute
48%
défoliés
33%
Aucun quiz correspondant
Distribution des résultats
% des personnes avec chaque résultat
Percentile par nombre de réponses
Votre historique - résultats
Vous n’avez pas pris ce quiz